Joan Crawford - Movie selection - Statistics

General Stats
  • This quiz has been taken 61 times
  • The average score is 8 of 12
Answer Stats
Hint Answer % Correct
1962 This camp classic sees her team up with nemesis Bette Davis What Ever Happened to Baby Jane?
93%
1945 She won a well deserved Oscar for this Michael Curtiz drama (which was recently remade as a mini-series starring Kate Winslet) Mildred Pierce
91%
1954 A feminist western in which she plays a saloon owner wrongly suspected of murder and bank robbery Johnny Guitare
77%
1939 She steals Norma Shearer's husband in this all female Cukor classic Women
77%
1970 Her last movie, and one she surely wishes is forever forgotten Trog
70%
1946 "A beautiful woman is most dangerous when she's in love", says the tagline of this romantic drama between a violinist and his patroness Humoresque
59%
1952 In this film noir set in San Francisco, she plays a playwright falling for a dangerous and ambitious younger actor Sudden Fear
59%
1941 She plays a disfigured blackmailer in that one A woman's face
57%
1964 In this horror movie, she plays an axe murderer who returns to her family after a 20 year stay in an asylum Strait-Jacket
52%
1956 In this Robert Aldrich movie, she plays a middle-aged spinster who falls for an attractive younger man, only to find out he is a deranged maniac. Autumn Leaves
43%
1953 In her first movie in Technicolor, she plays a tough Broadway diva who falls for a blind pianist Torch song
41%
1947 In this romantic drama directed by Otto Preminger, she can't choose between Dana Andrews and Henry Fonda (tough choice indeed) Daisy Kenyon
34%
No matching quizzes found
Score Distribution
Percent of People with Each Score
Percentile by Number Answered
Your Score History
You have not taken this quiz